000 01106nam a2200277Ia 4500
003 OSt
005 20221005105310.0
006 a|||||r|||| 00| 0
007 ta
008 221004b |||||||| |||| 00| 0 hin d
020 _a9788178440590 (hbk)
_c500
024 _a15547
037 _bBL170, 07/01/2015, K. K. Publications
_cTextual
040 _aCRL
_cCRL
_bhin
041 _2hin
_ahin
082 _aO153,3N35,TL, 152P8
100 _aटिवाणा, दलीप कौर
245 0 _aतीन लोक से न्यारी
246 _aTīn lok se nyārī
260 _aनई दिल्ली
_bके. के. पब्लिकेशन्स भारत
_c2008
300 _a116पृ0
_ccm.
650 _aपंजाबी निबंध
700 _a कौर, सुरेन्द्र पाल, अनु.
_9623885
942 _hO153,3N35,TL, 152P8
_cTEXL
_2cc
999 _c1015400
_d1015400